00479 a2200157 4500010001400000020002300014035001300037037001500050082001100065100001600076245006200092260004400154270004800198300004200246500003300288 aENG-86107 a8120332058c350.00 aEN-69640 bDBAD / PUB14a006.681 aLemke, Judy1 aMicrosoft office visio 2007 step by step /cby Judy Lemke aNew DelhibPrentice Hall of Indiac2007 aM-97, Cannaught Circus,bNew Delhie110 001 axliii, 288 p.c22 cm. (Pbk.)b+CD.Rom aIncludes glosssary and index